书目信息 |
| 题名: |
摄影美学基础
|
|
| 作者: | 杨恩璞 著 | |
| 分册: | ||
| 出版信息: | 沈阳 辽宁美术出版社 1997 |
|
| 页数: | 230页 | |
| 开本: | 20cm | |
| 丛书名: | ||
| 单 册: | ||
| 中图分类: | J401 | |
| 科图分类: | ||
| 主题词: | 摄影艺术--艺术理论 | |
| 电子资源: | ||
| ISBN: | 7-5314-1616-6 | |
| 000 | 00511nam0 2200181 450 | |
| 001 | 0735592734 | |
| 005 | 20070906095312.73 | |
| 010 | @a7-5314-1616-6@d¥23.20 | |
| 100 | @a20070906d km y0chiy0120 ea | |
| 101 | 0 | @achi |
| 200 | 1 | @a摄影美学基础@Ashe ying mei xue ji chu@f杨恩璞著@Fyang en pu zhu |
| 210 | @a沈阳@c辽宁美术出版社@d1997 | |
| 215 | @a230页@d20cm | |
| 606 | 0 | @a摄影艺术@x艺术理论 |
| 690 | @aJ401@v3 | |
| 701 | 0 | @a杨恩璞@Ayang en pu@4著 |
| 801 | 0 | @aCN@bPFT@c20070906 |
| 905 | @a213230@dJ401@eP14@f1 | |
| 摄影美学基础/杨恩璞著.-沈阳:辽宁美术出版社,1997 |
| 230页;20cm |
| ISBN 7-5314-1616-6:¥23.20 |
| ● |
| 相关链接 |
|
|
|
|
正题名:摄影美学基础
索取号:J401/P14
 
预约/预借
| 序号 | 登录号 | 条形码 | 馆藏地/架位号 | 状态 | 备注 |
| 1 | 7200574 | 272005741 | 物理系资料室/ [索取号:J401/P14] | 在馆 | |
| 2 | 7200575 | 272005750 | 密集书库-物理学院/ [索取号:J401/P14] | 在馆 |